[Event "Potiguar-ch (Women) fin"]
[Site "Natal"]
[Date "2020.01.25"]
[Round "5"]
[White "Gomes, Annyara da Silva"]
[Black "Sallaberry, Ana Paula Nogueira"]
[Result "0-1"]
[WhiteElo "1431"]
[BlackElo "1638"]
[PlyCount "40"]
[EventDate "2020.01.21"]
[EventType "match"]
[EventRounds "8"]
[EventCountry "BRA"]
[SourceTitle "CBM 195 Extra"]
[Source "ChessBase"]
[SourceDate "2020.05.31"]
[SourceVersion "1"]
[SourceVersionDate "2020.05.31"]
[SourceQuality "1"]

1. e4 c5 2. Nc3 Nc6 3. g3 Nf6 4. Bg2 g6 5. Nge2 Bg7 6. 0-0 0-0 7. d3 d6 8. f4 Rb8 9. h3 Bd7 10. g4 e6 11. Ng3 b5 12. f5 b4 13. Nce2 Ne8 14. g5 exf5 15. exf5 gxf5 16. Nxf5 Bxf5 17. Rxf5 Nd4 18. Nxd4 Bxd4+ 19. Kh1 Qe7 20. Qh5 Ng7 0-1

[Event "Joao Pessoa Fischer Memorial 10th"]
[Site "Joao Pessoa"]
[Date "2019.03.31"]
[Round "6"]
[White "Gomes, Annyara da Silva"]
[Black "De Oliveira, Sergio Aparecido"]
[Result "0-1"]
[WhiteElo "1401"]
[BlackElo "1814"]
[PlyCount "73"]
[EventDate "2019.03.29"]
[EventType "swiss"]
[EventRounds "6"]
[EventCountry "BRA"]
[SourceTitle "CBM 190 Extra"]
[Source "ChessBase"]
[SourceDate "2019.07.15"]
[SourceVersion "1"]
[SourceVersionDate "2019.07.15"]
[SourceQuality "1"]

1. e4 d6 2. d4 Nf6 3. Nc3 g6 4. Nf3 Bg7 5. Bf4 c6 6. Bc4 b5 7. Bd3 Bb7 8. 0-0 b4 9. Ne2 Nbd7 10. Qd2 c5 11. dxc5 dxc5 12. Ng3 0-0 13. Rfe1 Nb6 14. Bh6 c4 15. Bxg7 Kxg7 16. Bf1 Qxd2 17. Nxd2 Rac8 18. Re3 Ng4 19. Ree1 Rfd8 20. Rad1 e5 21. f3 Nf6 22. Nb1 Ne8 23. Ne2 Nd6 24. Nc1 Kf8 25. a3 a5 26. axb4 axb4 27. Na2 b3 28. cxb3 cxb3 29. Nac3 Ndc4 30. Rxd8+ Rxd8 31. Na3 Nxa3 32. bxa3 Bc8 33. Rb1 Be6 34. Rb2 Rc8 35. Ne2 Na4 36. Rb1 b2 37. Kf2 0-1

[Event "Potiguar-ch (Women)"]
[Site "Natal"]
[Date "2018.01.27"]
[Round "4.2"]
[White "Da Silva, Karina Ingryd Olive"]
[Black "Gomes, Annyara da Silva"]
[Result "0-1"]
[WhiteElo "1423"]
[BlackElo "1379"]
[PlyCount "38"]
[EventDate "2018.01.19"]
[EventType "tourn"]
[EventRounds "7"]
[EventCountry "BRA"]
[SourceTitle "EXT 2022"]
[Source "ChessBase"]
[SourceDate "2021.10.06"]
[SourceVersion "1"]
[SourceVersionDate "2021.10.06"]
[SourceQuality "1"]

1. e4 c6 2. d4 d5 3. Nc3 dxe4 4. Nxe4 g6 5. Nf3 Bg7 6. h3 Nf6 7. Nxf6+ Bxf6 8. Bh6 Bf5 9. Bd3 Bxd4 10. Nxd4 Qxd4 11. Bxf5 Qxd1+ 12. Rxd1 gxf5 13. 0-0 Nd7 14. Rd3 Ne5 15. Rd4 Rg8 16. f3 Rd8 17. Rxd8+ Kxd8 18. Rd1+ Ke8 19. Rd4 Nxf3+ 0-1

[Event "Potiguar-ch (Women)"]
[Site "Natal"]
[Date "2018.01.21"]
[Round "3.4"]
[White "Gomes, Annyara da Silva"]
[Black "Da Silva Pinto, Maria Cecilia"]
[Result "1-0"]
[WhiteElo "1379"]
[BlackElo "1182"]
[PlyCount "89"]
[EventDate "2018.01.19"]
[EventType "tourn"]
[EventRounds "7"]
[EventCountry "BRA"]
[SourceTitle "EXT 2022"]
[Source "ChessBase"]
[SourceDate "2021.10.06"]
[SourceVersion "1"]
[SourceVersionDate "2021.10.06"]
[SourceQuality "1"]

1. e4 e5 2. Nf3 Nc6 3. Bc4 Bc5 4. c3 Nf6 5. 0-0 Nxe4 6. Re1 Bxf2+ 7. Kf1 Bxe1 8. Qxe1 Nf6 9. Nxe5 Nxe5 10. Qxe5+ Kf8 11. d4 d6 12. Qe2 Bf5 13. Bg5 h6 14. Be3 d5 15. Bd3 Bxd3 16. Qxd3 Rc8 17. Nd2 b6 18. Qa6 Ng4 19. Bg1 Ra8 20. h3 Nf6 21. Re1 h5 22. Nf3 Ne4 23. Bh2 h4 24. Qb7 Rh6 25. Re2 Rf6 26. Bxc7 Qe8 27. Qxd5 Ng3+ 28. Bxg3 Qc8 29. Bd6+ Kg8 30. Re7 Rf5 31. Qe4 Rf6 32. Qd5 Qa6+ 33. Kg1 Rd8 34. Qe4 Rfxd6 35. Re8+ Rxe8 36. Qxe8+ Kh7 37. Ng5+ Kg6 38. Nxf7 Rf6 39. Ne5+ Kf5 40. Qh5+ Ke6 41. Qe8+ Kd5 42. Qa8+ Ke6 43. Qc6+ Ke7 44. Qd7+ Kf8 45. Qd8# 1-0

[Event "Santa Cruz Regional Norte zt"]
[Site "Santa Cruz"]
[Date "2017.05.06"]
[Round "3"]
[White "Meireles, Vitor Silva"]
[Black "Gomes, Annyara da Silva"]
[Result "1-0"]
[WhiteElo "1523"]
[BlackElo "1389"]
[PlyCount "59"]
[EventDate "2017.05.05"]
[EventType "swiss"]
[EventRounds "6"]
[EventCountry "BRA"]
[SourceTitle "EXT 2018"]
[Source "ChessBase"]
[SourceDate "2017.10.13"]
[SourceVersion "1"]
[SourceVersionDate "2017.10.13"]
[SourceQuality "1"]

1. e4 e5 2. f4 Nc6 3. Nf3 exf4 4. Bc4 a6 5. d4 Na5 6. Bd3 Nf6 7. Bxf4 d6 8. 0-0 c5 9. c3 c4 10. Bc2 b5 11. e5 dxe5 12. Bxe5 Ng4 13. Re1 Be7 14. Bxg7 Rg8 15. Be5 Nc6 16. Bg3 Kf8 17. Bxh7 Bd6 18. Bxd6+ Qxd6 19. Bxg8 Nge5 20. Nxe5 Nxe5 21. Rxe5 Kxg8 22. Re8+ Kg7 23. Qh5 Bb7 24. Re5 Qh6 25. Qg4+ Kf8 26. Na3 Qg6 27. Qxg6 fxg6 28. Rf1+ Kg7 29. Re7+ Kh6 30. Rxb7 1-0

[Event "Potiguar-ch (Women)"]
[Site "Natal"]
[Date "2017.01.22"]
[Round "9.2"]
[White "Gomes, Annyara da Silva"]
[Black "Figueiredo, Livia Mara"]
[Result "1/2-1/2"]
[WhiteElo "1527"]
[BlackElo "1090"]
[PlyCount "106"]
[EventDate "2017.01.13"]
[EventType "tourn"]
[EventRounds "9"]
[EventCountry "BRA"]
[SourceTitle "EXT 2022"]
[Source "ChessBase"]
[SourceDate "2021.10.06"]
[SourceVersion "1"]
[SourceVersionDate "2021.10.06"]
[SourceQuality "1"]

1. e4 e5 2. Nf3 Nc6 3. d4 exd4 4. Nxd4 Nxd4 5. Qxd4 d6 6. Be2 Qf6 7. Qxf6 Nxf6 8. Nc3 c6 9. Bf3 Be6 10. 0-0 d5 11. exd5 Nxd5 12. Nxd5 Bxd5 13. Bxd5 cxd5 14. Bf4 Rd8 15. Rae1+ Be7 16. Re2 Rd7 17. Rfe1 h6 18. Bd6 Rxd6 19. Rxe7+ Kd8 20. Rxf7 Rd7 21. Rxd7+ Kxd7 22. f4 Rc8 23. c3 Rc5 24. Kf2 Ra5 25. a3 Rb5 26. Re2 g6 27. Rd2 Ke6 28. a4 Rb6 29. Kf3 Kf6 30. Rxd5 Rxb2 31. Rd6+ Kf7 32. h4 h5 33. g4 hxg4+ 34. Kxg4 Ra2 35. Rd7+ Kf6 36. Rxb7 Rxa4 37. Rc7 Ra1 38. Rc6+ Kf7 39. h5 Rg1+ 40. Kh4 Rh1+ 41. Kg4 Rg1+ 42. Kh4 Rh1+ 43. Kg3 gxh5 44. Rc7+ Kf6 45. Rxa7 Rg1+ 46. Kh2 Rf1 47. Ra6+ Kf5 48. Ra2 Rxf4 49. Rg2 Rf3 50. Rg3 Rf4 51. Kg2 Rg4 52. Rxg4 hxg4 53. c4 Ke6 1/2-1/2

[Event "Potiguar-ch (Women)"]
[Site "Natal"]
[Date "2017.01.21"]
[Round "6"]
[White "Goncalves, Alice da Silva"]
[Black "Gomes, Annyara da Silva"]
[Result "1-0"]
[WhiteElo "1731"]
[BlackElo "1800"]
[PlyCount "77"]
[EventDate "2017.01.13"]
[EventType "tourn"]
[EventRounds "9"]
[EventCountry "BRA"]
[SourceTitle "CBM 176 Extra"]
[Source "ChessBase"]
[SourceDate "2017.03.02"]
[SourceVersion "1"]
[SourceVersionDate "2017.03.02"]
[SourceQuality "1"]

1. e4 c6 2. d4 d5 3. Nc3 Nf6 4. Bd3 g6 5. Nf3 Bg7 6. 0-0 0-0 7. Be3 Qb6 8. b3 Rd8 9. Qd2 dxe4 10. Nxe4 Nxe4 11. Bxe4 Bf5 12. Qd3 Bxe4 13. Qxe4 e6 14. Rad1 Na6 15. c4 c5 16. dxc5 Nxc5 17. Bxc5 Qxc5 18. Qxb7 Qa3 19. Ng5 Rf8 20. Rd7 h6 21. Rxf7 Rxf7 22. Qxf7+ Kh8 23. Nxe6 Rg8 24. Qxg6 Qe7 25. Nxg7 Rxg7 26. Qxh6+ Rh7 27. Qe3 Qd6 28. g3 Re7 29. Qf4 Re5 30. Kg2 Qe6 31. Qd4 Kh7 32. Rd1 Qc6+ 33. Kg1 Re2 34. Qd7+ Qxd7 35. Rxd7+ Kg6 36. Rxa7 Kg5 37. h4+ Kg4 38. Kf1 Kf3 39. Rf7+ 1-0